Federal Territory (Planning) Act, 1982 (Act 267) : (as at 15th September 1991)

Bibliographic Details
Corporate Author: MALAYSIA
Format: Book
Published: Kuala Lumpur : International Law Book Services , 1991
Series:Laws of Malaysia
Subjects:

MARC

LEADER 00000cam a2200000 7i4500
001 0000000615
005 20000913.0
020 0 0 |a 9678904438 
090 0 0 |a 346.595116046   |b MAL 1991 
110 1 0 |a MALAYSIA 
245 1 0 |a Federal Territory (Planning) Act, 1982 (Act 267) :   |b (as at 15th September 1991)   |c compiled by Legal Research Board 
260 0 0 |a Kuala Lumpur :   |b International Law Book Services ,   |c 1991 
300 |a iii, 39 p. ;   |c 24 cm. 
440 0 0 |a Laws of Malaysia 
650 0 0 |a City planning and redevelopment law   |z Wilayah Persekutuan (Kuala Lumpur) 
999 |a 0000000717   |b Monograph   |c Open Shelf   |e Default branch